|
|
|
|
| LEADER |
00889cam a2200229 7i4500 |
| 001 |
0000041619 |
| 005 |
20170218090000.0 |
| 020 |
|
|
|a 9780495898313 (pbk.)
|
| 020 |
|
|
|a 0495898317 (pbk.)
|
| 090 |
0 |
0 |
|a HM1211
|b .I26 2012
|
| 245 |
0 |
0 |
|a Intercultural communication :
|b a reader
|c edited by Larry A. Samovar, Richard E. Porter, Edwin R. McDaniel.
|
| 250 |
|
|
|a 13th ed.
|
| 260 |
|
|
|a Boston, Mass.:
|b Wadsworth/ Cengage Learning,
|c 2012.
|
| 300 |
|
|
|a ix, 518 p.:
|b ill.;
|c 23 cm.
|
| 504 |
|
|
|a Includes bibliographical references and index
|
| 650 |
0 |
0 |
|a Intercultural communication
|
| 700 |
1 |
|
|a Porter, Richard E.
|
| 700 |
1 |
|
|a Samovar, Larry A.
|
| 700 |
1 |
|
|a McDaniel, Edwin R.
|
| 997 |
|
|
|a Communication, Visual Art & Computing, Faculty
|b Communication, Department
|
| 998 |
|
|
|a Communication (Corporate Communication), Degree
|
| 999 |
|
|
|a 0000053782
|b BOK
|c OPEN SHELF
|e 1st Floor, Bestari Jaya
|